Had I known : (Record no. 894)

MARC details
000 -LEADER
fixed length control field 00948nam a22002412 4500
001 - CONTROL NUMBER
control field 0000012876
005 - DATE AND TIME OF LATEST TRANSACTION
control field 20151021151124.0
008 - FIXED-LENGTH DATA ELEMENTS--GENERAL INFORMATION
fixed length control field 090326s xx 000 0 eng d
020 ## - INTERNATIONAL STANDARD BOOK NUMBER
International Standard Book Number 9783665774 :
040 ## - CATALOGING SOURCE
Original cataloging agency KABU
Transcribing agency KABU
100 1# - MAIN ENTRY--PERSONAL NAME
Personal name Iorapuu, Tor.
-- 0000169849
245 10 - TITLE STATEMENT
Title Had I known :
Remainder of title based on the personal experiences of adolescents and young adults /
Statement of responsibility, etc. Tor Iorapuu.
250 ## - EDITION STATEMENT
Edition statement 1st ed.
260 ## - PUBLICATION, DISTRIBUTION, ETC. (IMPRINT)
Place of publication, distribution, etc. Lagos :
Name of publisher, distributor, etc. AfricanLiberty.org,
Date of publication, distribution, etc. 2008.
300 ## - PHYSICAL DESCRIPTION
Extent xiv, 33 p.
852 1# - LOCATION
-- p200 KES
852 1# - LOCATION
-- p200 KES
852 1# - LOCATION
-- p200 KES
852 1# - LOCATION
-- p200 KES
852 1# - LOCATION
-- p200 KES
908 ## - PUT COMMAND PARAMETER (RLIN)
Put command parameter 090326
950 ## - LOCAL HOLDINGS (RLIN)
-- 1
Holdings
Withdrawn status Lost status Source of classification or shelving scheme Not for loan Home library Current library Date acquired Total Checkouts Full call number Barcode Checked out Date last seen Date last checked out Price effective from Koha item type
    Library of Congress Classification   Kabarak, Nakuru City Campus Kabarak, Main Campus 21/10/2015 1 PR9387.9 .I57H33 2008 c. 1 17373 28/11/2023 26/10/2023 26/10/2023 21/10/2015 General Collection
    Library of Congress Classification   Kabarak, Nakuru City Campus Kabarak, Main Campus 21/10/2015 1 PR9387.9 .I57H33 2008 c. 2 17374   16/10/2023 14/10/2023 21/10/2015 General Collection
    Library of Congress Classification   Kabarak, Main Campus Kabarak, Main Campus 17/12/2015 1 PR9387.9 .I57H33 2008 c. 11 17388   02/03/2018 11/01/2018 17/12/2015 General Collection
    Library of Congress Classification   Kabarak, Main Campus Kabarak, Main Campus 17/12/2015 1 PR9387.9 .I57H33 2008 c. 2 17379   20/07/2017 06/07/2017 17/12/2015 General Collection
    Library of Congress Classification   Kabarak, Main Campus Kabarak, Main Campus 17/12/2015 2 PR9387.9 .I57H33 2008 c. 3 17380   12/02/2025 28/01/2025 17/12/2015 General Collection
    Library of Congress Classification   Kabarak, Main Campus Kabarak, Main Campus 17/12/2015 1 PR9387.9 .I57H33 2008 c. 4 17381   19/09/2017 13/09/2017 17/12/2015 General Collection
    Library of Congress Classification   Kabarak, Main Campus Kabarak, Main Campus 17/12/2015   PR9387.9 .I57H33 2008 c. 5 17382   17/12/2015   17/12/2015 General Collection
    Library of Congress Classification   Kabarak, Main Campus Kabarak, Main Campus 17/12/2015   PR9387.9 .I57H33 2008 c. 6 17383   17/12/2015   17/12/2015 General Collection
    Library of Congress Classification   Kabarak, Main Campus Kabarak, Main Campus 17/12/2015 5 PR9387.9 .I57H33 2008 c. 7 17384   04/02/2025 31/01/2025 17/12/2015 General Collection
    Library of Congress Classification   Kabarak, Main Campus Kabarak, Main Campus 17/12/2015 3 PR9387.9 .I57H33 2008 c. 8 17385   27/10/2025 09/10/2025 17/12/2015 General Collection
    Library of Congress Classification   Kabarak, Main Campus Kabarak, Main Campus 17/12/2015   PR9387.9 .I57H33 2008 c. 9 17386   17/12/2015   17/12/2015 General Collection
    Library of Congress Classification   Kabarak, Main Campus Kabarak, Main Campus 17/12/2015 3 PR9387.9 .I57H33 2008 c. 10 17387   28/11/2018 26/11/2018 17/12/2015 General Collection
    Library of Congress Classification   Kabarak, Main Campus Kabarak, Main Campus 17/12/2015   PR9387.9 .I57H33 2008 c. 1 17378   17/12/2015   17/12/2015 Africana Collection
    Library of Congress Classification   Kabarak, Nakuru City Campus Kabarak, Nakuru City Campus 21/10/2015   PR9387.9 .I57H33 2008 c. 3 17375   21/10/2015   21/10/2015 General Collection
    Library of Congress Classification   Kabarak, Nakuru City Campus Kabarak, Nakuru City Campus 21/10/2015   PR9387.9 .I57H33 2008 c. 4 17376   21/10/2015   21/10/2015 General Collection
    Library of Congress Classification   Kabarak, Nakuru City Campus Kabarak, Nakuru City Campus 21/10/2015   PR9387.9 .I57H33 2008 c. 5 17377   21/10/2015   21/10/2015 General Collection
Designed with assistance from East African Informatics Ltd